English Lyrics in Wannabe by Itzy - Statistics

General Stats
  • This quiz has been taken 70 times
  • The average score is 155 of 202
Answer Stats
Answer % Correct
Be
98%
I
98%
Wanna
96%
Me
93%
Do
87%
So
85%
Just
83%
My
80%
Don’t
78%
I’m
78%
Somebody
76%
You
76%
What
72%
On
70%
No
67%
It
65%
Bad
63%
Your
61%
Way
59%
All
54%
And
54%
Business
54%
Yeah
54%
Eyes
52%
Of
52%
Own
52%
The
50%
One
48%
Stop
48%
Thing
48%
Love
46%
Only
46%
‘Cause
43%
It’s
41%
None
41%
Up
41%
Hate
39%
Touch
39%
Beat
37%
Hey
37%
İf
37%
If
37%
Or
37%
This
37%
Turn
37%
Matter
35%
Thang
33%
Teaching
30%
Errbody
28%
I’ma
28%
Feel
22%
Ah
20%
La-la-la
20%
(Action)
13%
Wannbea
2%
Meı
0%
No matching quizzes found
Score Distribution
Percent of People with Each Score
Percentile by Number Answered
Your Score History
You have not taken this quiz